Tufo /

Պահպանված է:
Մատենագիտական մանրամասներ
Հիմնական հեղինակ: De Luca, Erri (Հեղինակ)
Ձևաչափ: Գիրք
Լեզու:իտալերեն
Հրապարակվել է: Napoli : Dante & Descartes, 1999
Շարք:Napoli in trentaduesimo ; 10
Ցուցիչներ: Ավելացրեք ցուցիչ
Չկան պիտակներ, Եղեք առաջինը, ով նշում է այս գրառումը!

MARC

LEADER 00000nam a22000007i 4500
001 IT\ICCU\RAV\0788225
003 ItRI
005 20260115231955.0
008 011016s1999 it |||||| ||||| |||||c
020 |a 8888142339 
040 |b ita  |c importazione bologna sebina 
041 7 |a ita  |2 ISO-639-2 
100 1 |a De Luca, Erri  |0 IT\ICCU\CFIV\098408  |4 aut 
245 1 0 |a Tufo /  |c Erri De Luca. 
260 |a Napoli :  |b Dante & Descartes,  |c 1999 
300 |a 42 p. ;  |c 7 cm. 
790 1 |a De Luca, Enrico  |3 IT\ICCU\SBNV\118373  |z De Luca, Erri 
830 0 |a Napoli in trentaduesimo ;  |v 10  |0 IT\ICCU\PAL\0174821 
942 |2 ddc  |c BK  |n 0 
952 |0 0  |1 0  |4 0  |6 DOC_853_914000000000000_DEL  |7 0  |9 18223  |a BO  |b BO  |d 2026-01-15  |i 6745  |l 0  |o DOC 853.914 DEL  |p BO6745  |r 2026-01-15 23:19:55  |w 2026-01-15  |x [Sebina 7] [1 v.]  |y BK  |z 1 v. 
999 |c 15442  |d 15442